Most Successful Film Franchises - Statistics

General Stats
  • This quiz has been taken 54 times
  • The average score is 10 of 20
Answer Stats
Rank Box office receipts Count of
Movies
Answer % Correct
1 32.486.020.860 37 Marvel Cinematic Universe
94%
2 10.377.427.609 12 Star Wars
92%
3 9.621.260.965 11 Wizarding World
77%
5 7.189.596.102 15 DC Extended Universe
75%
9 5.912.650.527 6 Middle-earth
73%
7 6.475.126.956 26 James Bond
63%
4 7.326.175.027 11 Fast & Furious
60%
17 3.259.394.882 5 Toy Story
54%
6 6.937.954.007 7 Jurassic Park
50%
20 2.508.984.862 3 Sam Raimie's Spider-Man-Trilogy
50%
12 4.728.268.742 7 Mission: Impossible
48%
11 5.416.903.150 8 Transformers
42%
13 4.522.015.828 5 Pirates of the Caribbean
40%
14 4.019.145.611 6 Shrek
29%
10 5.616.205.362 6 Despicable Me
27%
8 6.079.456.997 13 X-Men
25%
15 3.359.900.753 5 Twilight
19%
18 3.222.862.279 5 Ice Age
17%
19 2.520.095.129 5 MonsterVerse
13%
16 3.310.479.235 5 The Hunger Games
13%
No matching quizzes found
Score Distribution
Percent of People with Each Score
Percentile by Number Answered
Your Score History
You have not taken this quiz